The economic benefits of hydrography and ocean mapping (Record no. 116226)

MARC details
000 -LEADER
fixed length control field 01788cad a22002535a 4500
001 - CONTROL NUMBER
control field L160111
008 - FIXED-LENGTH DATA ELEMENTS--GENERAL INFORMATION
fixed length control field 100611s2009 xxk f 000 0 eng d
035 ## - SYSTEM CONTROL NUMBER
System control number (Sirsi) u160111
041 0# - LANGUAGE CODE
Language code of text/sound track or separate title eng
110 2# - MAIN ENTRY--CORPORATE NAME
Corporate name or jurisdiction name as entry element Federation International Des Geometres
111 2# - MAIN ENTRY--MEETING NAME
Meeting name or jurisdiction name as entry element FIG Regional Conference
Number [OBSOLETE] Hanoi, Vietnam
Date of meeting or treaty signing 19-22 October 2009
245 04 - TITLE STATEMENT
Title The economic benefits of hydrography and ocean mapping
Medium [electronic resource]
260 ## - PUBLICATION, DISTRIBUTION, ETC.
Place of publication, distribution, etc. Hanoi
Name of publisher, distributor, etc. FIG
Date of publication, distribution, etc. 2009
520 ## - SUMMARY, ETC.
Summary, etc. To generate discussion around the need and justification for the development and sustained use of hydrographic services to support and expand a national, regional or local economy, this paper sets out to examine the current status of hydrography in several areas in relation to a number of disciplines and user groups. The use and benefit form Hydrographic data and products for stakeholders are often promoted however there appear to be few direct and tangible outcomes rather than simply vague links and indirect consequences. This paper aims to offer a summary of some example assessments. The paper offers some thoughts on how modern Hydrographic data and products as well as the Hydrographic community could influence and aid in the strategic development of areas and regions by working with the various stake holders.
521 ## - TARGET AUDIENCE NOTE
Target audience note Advanced
590 ## - LOCAL NOTE (RLIN)
Local note KA
650 24 - SUBJECT ADDED ENTRY--TOPICAL TERM
Topical term or geographic name entry element HYDROGRAPHY
9 (RLIN) 6245
651 #4 - SUBJECT ADDED ENTRY--GEOGRAPHIC NAME
Geographic name International
690 ## - LOCAL SUBJECT ADDED ENTRY--TOPICAL TERM (OCLC, RLIN)
Topical term or geographic name as entry element Hydrography
9 (RLIN) 6245
700 1# - ADDED ENTRY--PERSONAL NAME
Personal name Johnston, G.
856 40 - ELECTRONIC LOCATION AND ACCESS
Uniform Resource Identifier <a href="https://www.rics.org/Global/Downloads/The_Economic_Benefits_of_Hydrography_gordon_johnston.pdf">https://www.rics.org/Global/Downloads/The_Economic_Benefits_of_Hydrography_gordon_johnston.pdf</a>
Public note View the presentation free of charge at www.rics.org
856 40 - ELECTRONIC LOCATION AND ACCESS
Uniform Resource Identifier <a href="https://www.rics.org/Global/Downloads/The_Economic_Benefits_of_Hydrography_gordon_johnston.pdf">https://www.rics.org/Global/Downloads/The_Economic_Benefits_of_Hydrography_gordon_johnston.pdf</a>
Public note View the paper free of charge at fig.net
942 ## - ADDED ENTRY ELEMENTS (KOHA)
Suppress in OPAC 0
Holdings
Withdrawn status Lost status Source of classification or shelving scheme Damaged status Not for loan Home library Current library Shelving location Date acquired Total Checkouts Full call number Barcode Date last seen Copy number Price effective from Koha item type
    Dewey Decimal Classification     Virtual Virtual Online 24/05/2018   ONLINE PUBLICATION 160111-2001 06/08/2019 1 06/08/2019 Book